Every Guns N' Roses song that hit the Billboard hot 100 - Statistics

General Stats
  • This quiz has been taken 197 times
  • The average score is 8 of 13
Answer Stats
Peak Chart Position Year Song % Correct
3 1992 November Rain
96%
1 1988 Sweet Child O' Mine
96%
7 1988 Welcome To The Jungle
94%
5 1989 Paradise City
89%
4 1989 Patience
73%
10 1991 Don't Cry
68%
33 1992 Live And Let Die
59%
29 1991 You Could Be Mine
58%
34 2008 Chinese Democracy
53%
93 1989 Nightrain
41%
69 1994 Since I Don't Have You
38%
72 1992 Yesterdays
33%
55 1995 Sympathy For The Devil ("Interview With The Vampire")
26%
No matching quizzes found
Score Distribution
Percent of People with Each Score
Percentile by Number Answered
Your Score History
You have not taken this quiz